| 000 | 00751cab a22002175a 4500 | ||
|---|---|---|---|
| 001 | L159874 | ||
| 008 | 150113e2017 xxk 000 0 eng d | ||
| 035 | _a(Sirsi) u159874 | ||
| 041 | 0 | _aeng | |
| 100 | 1 | _aLindsay, Chris | |
| 245 | 0 | 0 |
_aUnder review _h[electronic resource] |
| 260 |
_aLondon _bRICS _c2017 |
||
| 490 |
_aRICS Building Surveying Journal _vMay - June 2017, 24-25(2) |
||
| 520 | _aDiscusses progress on implementing the outcomes of RICS' pathways and competencies review. | ||
| 650 | 2 | 4 | _aABOUT RICS |
| 650 | 2 | 4 | _aCOMPETENCIES |
| 651 | 4 |
_aUnited Kingdom _y |
|
| 690 |
_aAPC _96216 |
||
| 856 | 4 | 0 |
_uhttps://issuu.com/ricsmodus/docs/building_surveying_journal_may_june_e51321e7dff376 _yAvailable free online via Issuu |
| 942 |
_n0 _2ddc |
||
| 999 |
_c85034 _d85034 |
||